How many points are these Scrabble letters worth? - Statistics

General Stats
  • This quiz has been taken 6 times
  • The average score is 29 of 36
Answer Stats
Question Tile Select % Correct
All 1-point scoring tiles B No
100%
All 1-point scoring tiles Blank Tile No
100%
All 1-point scoring tiles C No
100%
All 1-point scoring tiles E Yes
100%
5 or more Point scoring tiles F No
100%
All 1-point scoring tiles H No
100%
3-Point scoring tiles K No
100%
4-Point scoring tiles K No
100%
5 or more Point scoring tiles M No
100%
3-Point scoring tiles Q No
100%
All 1-point scoring tiles S Yes
100%
All 1-point scoring tiles T Yes
100%
4-Point scoring tiles X No
100%
5 or more Point scoring tiles Y No
100%
3-Point scoring tiles B Yes
80%
4-Point scoring tiles C No
80%
3-Point scoring tiles D No
80%
5 or more Point scoring tiles J Yes
80%
5 or more Point scoring tiles K Yes
80%
3-Point scoring tiles M Yes
80%
3-Point scoring tiles P Yes
80%
5 or more Point scoring tiles Q Yes
80%
5 or more Point scoring tiles X Yes
80%
4-Point scoring tiles Y Yes
80%
5 or more Point scoring tiles Z Yes
80%
3-Point scoring tiles C Yes
60%
3-Point scoring tiles F No
60%
4-Point scoring tiles F Yes
60%
4-Point scoring tiles H Yes
60%
4-Point scoring tiles M No
60%
All 1-point scoring tiles U Yes
60%
5 or more Point scoring tiles V No
60%
4-Point scoring tiles W Yes
60%
3-Point scoring tiles H No
40%
All 1-point scoring tiles L Yes
40%
4-Point scoring tiles V Yes
40%
No matching quizzes found
Score Distribution
Percent of People with Each Score
Percentile by Number Answered
Your Score History
You have not taken this quiz